Mackie & McCartney Parctical Medical Microbiology (Record no. 4177)

MARC details
000 -LEADER
fixed length control field 00577nam a22002057a 4500
003 - CONTROL NUMBER IDENTIFIER
control field OSt
005 - DATE AND TIME OF LATEST TRANSACTION
control field 20251111020003.0
008 - FIXED-LENGTH DATA ELEMENTS--GENERAL INFORMATION
fixed length control field 160526b xxu||||| |||| 00| 0 eng d
020 ## - INTERNATIONAL STANDARD BOOK NUMBER
International Standard Book Number 9780443047213
040 ## - CATALOGING SOURCE
Transcribing agency 040a
082 ## - DEWEY DECIMAL CLASSIFICATION NUMBER
Classification number QW 4 M211j 2006
100 ## - MAIN ENTRY--PERSONAL NAME
Personal name Collee, J. Gerald; [et..al]
9 (RLIN) 16900
245 ## - TITLE STATEMENT
Title Mackie & McCartney Parctical Medical Microbiology
250 ## - EDITION STATEMENT
Edition statement 14th.ed
260 ## - PUBLICATION, DISTRIBUTION, ETC. (IMPRINT)
Place of publication, distribution, etc. London;
Name of publisher, distributor, etc. Churchill Livingstone,
Date of publication, distribution, etc. 2006
300 ## - PHYSICAL DESCRIPTION
Extent xiv, 978p:
Other physical details ill :
Dimensions 16 cm.
504 ## - BIBLIOGRAPHY, ETC. NOTE
Bibliography, etc Includes index
650 ## - SUBJECT ADDED ENTRY--TOPICAL TERM
Topical term or geographic name as entry element Medical microbiology
9 (RLIN) 741
942 ## - ADDED ENTRY ELEMENTS (KOHA)
Source of classification or shelving scheme Dewey Decimal Classification
Koha item type Open Shelf
Koha issues (borrowed), all copies 1
Holdings
Withdrawn status Lost status Source of classification or shelving scheme Damaged status Not for loan Home library Current library Date acquired Source of acquisition Inventory number Total Checkouts Full call number Barcode Date last seen Date last checked out Koha item type
    Other/Generic Classification Scheme     MUST Main Library MUST Main Library 26/05/2016 Purchase 12/36564 1 QW 4 M211j 2006 2016-2164 22/11/2025 10/11/2025 Open Shelf
    Other/Generic Classification Scheme     MUST Main Library MUST Main Library 26/05/2016 Purchase 12/36565   QW 4 M211j 2006 2016-2174 26/05/2016   Open Shelf